[Event "WLS-chT"]
[Site "Wales"]
[Date "2023.05.07"]
[Round "4"]
[White "Robinson, David"]
[Black "Hewitt, William"]
[Result "1/2-1/2"]
[WhiteElo "1859"]
[BlackElo "1982"]
[PlyCount "41"]
[EventDate "2023.02.19"]
[EventType "team-tourn"]
[EventRounds "5"]
[EventCountry "WLS"]
[SourceTitle "EXT 2024"]
[Source "ChessBase"]
[SourceDate "2023.10.10"]
[SourceVersion "1"]
[SourceVersionDate "2023.10.10"]
[SourceQuality "1"]
[WhiteTeam "The Full Ponty"]
[BlackTeam "White Knights"]
[WhiteTeamCountry "WLS"]
[BlackTeamCountry "WLS"]

1. d4 Nf6 2. Nf3 g6 3. Bf4 Bg7 4. e3 0-0 5. Be2 b6 6. 0-0 Bb7 7. c4 d6 8. h3 Ne4 9. Qc2 Nd7 10. Nc3 Nxc3 11. Qxc3 Qe8 12. Rfe1 e5 13. Bh2 Qe7 14. Rad1 e4 15. Nd2 a5 16. Qc2 Rfe8 17. a3 h5 18. Nb1 Rac8 19. Qb3 Rb8 20. Nc3 c6 21. Qc2 1/2-1/2

[Event "BCF-chT3E 2223 (4NCL)"]
[Site "England"]
[Date "2023.05.01"]
[Round "11.43"]
[White "Gooding, Ian R"]
[Black "Hewitt, William"]
[Result "1-0"]
[WhiteElo "1941"]
[BlackElo "1978"]
[PlyCount "99"]
[EventDate "2022.11.05"]
[EventType "team-tourn"]
[EventRounds "11"]
[EventCountry "ENG"]
[SourceTitle "EXT 2024"]
[Source "ChessBase"]
[SourceDate "2023.10.10"]
[SourceVersion "1"]
[SourceVersionDate "2023.10.10"]
[SourceQuality "1"]
[WhiteTeam "Cambridge University II"]
[BlackTeam "Rhyfelwyr Essyllwg"]
[WhiteTeamCountry "ENG"]
[BlackTeamCountry "ENG"]

1. e4 c6 2. c4 d5 3. cxd5 cxd5 4. exd5 Nf6 5. Nc3 Nxd5 6. Nf3 Nc6 7. Bb5 g6 8. Qa4 Nb6 9. Bxc6+ bxc6 10. Qxc6+ Bd7 11. Qe4 Bf5 12. Qe5 f6 13. Qb5+ Kf7 14. d4 Be6 15. b3 Rc8 16. Bb2 Nd5 17. Nxd5 Bxd5 18. 0-0 Bh6 19. Qd3 Qc7 20. Rfe1 Qc2 21. Qe2 e6 22. Ba3 Rhd8 23. Bc5 Qf5 24. b4 Bf4 25. a4 Qh5 26. h3 Bb8 27. Nh2 Qf5 28. Ng4 Qg5 29. Ne3 Qf4 30. Nf1 h5 31. Qe3 Rd7 32. Qxf4 Bxf4 33. Ne3 Ba8 34. g3 Bb8 35. Rad1 Bc6 36. b5 Bf3 37. Rc1 e5 38. dxe5 Bxe5 39. Ba3 Rxc1 40. Rxc1 Rd4 41. Nc4 Bb8 42. Bc5 Rd5 43. Na5 h4 44. Nc6 Bc7 45. Bxa7 hxg3 46. Be3 gxf2+ 47. Kxf2 Bd1 48. Nd4 Bxa4 49. Rxc7+ Ke8 50. b6 1-0

[Event "BCF-chT3E 2223 (4NCL)"]
[Site "England"]
[Date "2022.11.05"]
[Round "1.33"]
[White "Higgs, Anthony"]
[Black "Hewitt, William"]
[Result "1/2-1/2"]
[WhiteElo "1950"]
[BlackElo "1978"]
[PlyCount "56"]
[EventDate "2022.11.05"]
[EventType "team-tourn"]
[EventRounds "11"]
[EventCountry "ENG"]
[SourceTitle "EXT 2024"]
[Source "ChessBase"]
[SourceDate "2023.10.10"]
[SourceVersion "1"]
[SourceVersionDate "2023.10.10"]
[SourceQuality "1"]
[WhiteTeam "Sussex Martlets II"]
[BlackTeam "Rhyfelwyr Essyllwg"]
[WhiteTeamCountry "ENG"]
[BlackTeamCountry "ENG"]

1. d4 Nf6 2. Bg5 c5 3. d5 Qb6 4. Nc3 Qxb2 5. Bd2 Qb6 6. e4 d6 7. f4 e6 8. Rb1 Qd8 9. Nf3 exd5 10. exd5 Be7 11. Bd3 0-0 12. 0-0 Re8 13. Qe1 Nbd7 14. Ng5 Nf8 15. Qg3 a6 16. Nce4 Nxe4 17. Nxe4 f5 18. Ng5 b5 19. c4 b4 20. Rbe1 h6 21. Ne6 Nxe6 22. dxe6 Bh4 23. e7 Bxe7 24. Bxf5 Bf6 25. Be4 Ra7 26. Bd5+ Kh8 27. Qh3 Rae7 28. Rxe7 Qxe7 1/2-1/2

[Event "EU-ch Online U2300 Qual"]
[Site "Chess.com INT"]
[Date "2020.05.25"]
[Round "6"]
[White "Hewitt, William"]
[Black "Brett, Andrew"]
[Result "0-1"]
[WhiteElo "1997"]
[BlackElo "2085"]
[PlyCount "52"]
[EventDate "2020.05.25"]
[EventType "swiss"]
[EventRounds "8"]
[EventCountry "NET"]
[SourceTitle "EXT 2021"]
[Source "ChessBase"]
[SourceDate "2020.10.23"]
[SourceVersion "1"]
[SourceVersionDate "2020.10.23"]
[SourceQuality "1"]

1. e4 e5 2. Nf3 Nc6 3. d4 exd4 4. Nxd4 Nf6 5. Nc3 Bb4 6. Nxc6 bxc6 7. Bd3 d5 8. exd5 cxd5 9. 0-0 0-0 10. h3 Re8 11. Qf3 c6 12. Bf4 Qe7 13. a3 Bxc3 14. bxc3 Be6 15. Rfe1 c5 16. a4 c4 17. Bf1 Ne4 18. Bxc4 Qf6 19. Bb5 Rec8 20. Bd3 Rxc3 21. Rxe4 Rxd3 22. cxd3 Qxa1+ 23. Kh2 dxe4 24. Qxe4 Rd8 25. Be5 Qc1 26. Qg4 Bxg4 0-1

[Event "EU-ch Online U2300 Qual"]
[Site "Chess.com INT"]
[Date "2020.05.25"]
[Round "1"]
[White "Levin, Guy"]
[Black "Hewitt, William"]
[Result "1-0"]
[WhiteElo "2213"]
[BlackElo "1997"]
[PlyCount "79"]
[EventDate "2020.05.25"]
[EventType "swiss"]
[EventRounds "8"]
[EventCountry "NET"]
[SourceTitle "EXT 2021"]
[Source "ChessBase"]
[SourceDate "2020.10.23"]
[SourceVersion "1"]
[SourceVersionDate "2020.10.23"]
[SourceQuality "1"]

1. c4 Nf6 2. Nf3 g6 3. g3 Bg7 4. Bg2 0-0 5. 0-0 d5 6. cxd5 Nxd5 7. Nc3 Nb6 8. d4 Nc6 9. e3 Re8 10. h3 a5 11. Nd2 a4 12. Nde4 e5 13. d5 Nb4 14. Nc5 f5 15. a3 Na6 16. N5xa4 e4 17. Nxb6 cxb6 18. Qc2 Qf6 19. Bd2 Bd7 20. b4 Rec8 21. Rac1 Nc7 22. Qb3 b5 23. Rfd1 Ne8 24. Bf1 Nd6 25. Nb1 h5 26. Bc3 Qe7 27. Bxg7 Qxg7 28. Nc3 h4 29. Kg2 hxg3 30. fxg3 Qh6 31. Kf2 f4 32. exf4 Bxh3 33. Bxh3 Qxh3 34. Rh1 Qg4 35. Ne2 Nc4 36. Qc3 Rf8 37. Qh8+ Kf7 38. Rh7+ Ke8 39. Qg7 e3+ 40. Ke1 1-0

[Event "Dyfed op 49th"]
[Site "Fishguard"]
[Date "2020.02.16"]
[Round "5"]
[White "Hewitt, William"]
[Black "Powell, Lloyd"]
[Result "1/2-1/2"]
[WhiteElo "1990"]
[BlackElo "2064"]
[PlyCount "31"]
[EventDate "2020.02.14"]
[EventType "swiss"]
[EventRounds "5"]
[EventCountry "WLS"]
[SourceTitle "EXT 2022"]
[Source "ChessBase"]
[SourceDate "2021.10.06"]
[SourceVersion "1"]
[SourceVersionDate "2021.10.06"]
[SourceQuality "1"]

1. e4 c5 2. Nf3 e6 3. c3 Nf6 4. e5 Nd5 5. d4 cxd4 6. cxd4 Nc6 7. Nc3 Nxc3 8. bxc3 d6 9. exd6 Bxd6 10. Bd3 h6 11. 0-0 0-0 12. Qe2 Bd7 13. Rb1 b6 14. Re1 Qe7 15. Bd2 f5 16. Bb5 1/2-1/2

[Event "Dyfed op 49th"]
[Site "Fishguard"]
[Date "2020.02.14"]
[Round "1"]
[White "Morgans, Justin"]
[Black "Hewitt, William"]
[Result "0-1"]
[WhiteElo "1605"]
[BlackElo "1990"]
[PlyCount "122"]
[EventDate "2020.02.14"]
[EventType "swiss"]
[EventRounds "5"]
[EventCountry "WLS"]
[SourceTitle "EXT 2022"]
[Source "ChessBase"]
[SourceDate "2021.10.06"]
[SourceVersion "1"]
[SourceVersionDate "2021.10.06"]
[SourceQuality "1"]

1. d4 Nf6 2. Nf3 g6 3. e3 Bg7 4. Be2 0-0 5. 0-0 d6 6. c4 Nbd7 7. Nc3 e5 8. dxe5 dxe5 9. e4 Re8 10. Bg5 h6 11. Bxf6 Qxf6 12. Qc2 c6 13. Rad1 Nc5 14. h3 Ne6 15. Rd6 Bf8 16. Rfd1 Bxd6 17. Rxd6 Qe7 18. Rd1 Nf4 19. Kh2 Kg7 20. Bf1 Qf6 21. Ng1 Be6 22. g3 Nh5 23. b3 Rad8 24. Qe2 Rxd1 25. Nxd1 b6 26. Ne3 Kh7 27. Nf3 Ng7 28. Bg2 Bc8 29. Qb2 Qd6 30. h4 f6 31. Bh3 Bxh3 32. Kxh3 Qd3 33. Qc2 Qxc2 34. Nxc2 a5 35. Ne3 f5 36. exf5 gxf5 37. Kg2 Kg6 38. Kf1 Kf6 39. Ke2 Ne6 40. Kf1 e4 41. Ne1 Rd8 42. N1c2 Nd4 43. Nxd4 Rxd4 44. Ke2 b5 45. cxb5 cxb5 46. Nc2 Rd5 47. Ne3 Rc5 48. Kd2 a4 49. b4 Rc6 50. Nd5+ Ke5 51. Nc3 Kd4 52. Nxb5+ Kc4 53. Na3+ Kxb4 54. Nc2+ Kc5 55. Ne3 Rf6 56. g4 fxg4 57. Nxg4 Rf4 58. Nxh6 Rxh4 59. Nf5 Rf4 60. Ng3 Rxf2+ 61. Ke3 Rf3+ 0-1

[Event "BCF-chT3Sa 1920 (4NCL)"]
[Site "England"]
[Date "2020.02.09"]
[Round "6.12"]
[White "Lukosius, Rolandas"]
[Black "Hewitt, William"]
[Result "1/2-1/2"]
[WhiteElo "2114"]
[BlackElo "2002"]
[PlyCount "46"]
[EventDate "2019.11.09"]
[EventType "team-tourn"]
[EventRounds "11"]
[EventCountry "ENG"]
[SourceTitle "EXT 2023"]
[Source "ChessBase"]
[SourceDate "2022.10.05"]
[SourceVersion "1"]
[SourceVersionDate "2022.10.05"]
[SourceQuality "1"]
[WhiteTeam "Wessex"]
[BlackTeam "Rhyfelwyr Essyllwg"]
[WhiteTeamCountry "ENG"]
[BlackTeamCountry "WLS"]

1. d4 Nf6 2. c4 g6 3. Nc3 d5 4. cxd5 Nxd5 5. e4 Nxc3 6. bxc3 Bg7 7. Nf3 c5 8. Rb1 0-0 9. Be2 Nc6 10. d5 Ne5 11. Nxe5 Bxe5 12. Qd2 e6 13. c4 Qh4 14. Bd3 exd5 15. cxd5 f5 16. Qg5 Qxg5 17. Bxg5 fxe4 18. Bxe4 Bd6 19. f3 b6 20. Kf2 Kg7 21. h4 h5 22. Rhe1 Bd7 23. Bd3 Rfe8 1/2-1/2

[Event "Wales-chT 1920"]
[Site "Wales"]
[Date "2020.01.28"]
[Round "3.4"]
[White "Hewitt, William"]
[Black "Saunders, Robert"]
[Result "1/2-1/2"]
[WhiteElo "2002"]
[BlackElo "2077"]
[PlyCount "63"]
[EventDate "2019.10.20"]
[EventType "team-tourn"]
[EventRounds "7"]
[EventCountry "WLS"]
[SourceTitle "EXT 2022"]
[Source "ChessBase"]
[SourceDate "2021.10.06"]
[SourceVersion "1"]
[SourceVersionDate "2021.10.06"]
[SourceQuality "1"]
[WhiteTeam "White Knights"]
[BlackTeam "Nidum"]
[WhiteTeamCountry "WLS"]
[BlackTeamCountry "WLS"]

1. e4 e5 2. Nf3 Nc6 3. Nc3 Bc5 4. Nxe5 Bxf2+ 5. Kxf2 Nxe5 6. d4 Ng6 7. Bc4 d6 8. Rf1 N8e7 9. Kg1 0-0 10. Qe2 Be6 11. Bd3 c6 12. Be3 d5 13. exd5 Nxd5 14. Nxd5 cxd5 15. b3 Qd7 16. c4 Ne7 17. c5 Bf5 18. Bb5 Nc6 19. b4 Rfe8 20. Qd2 Be4 21. Ba4 a6 22. Bb3 Ne7 23. Qf2 Nf5 24. Bd2 Bd3 25. Rfe1 Be4 26. Rf1 Bd3 27. Rfe1 Be4 28. a4 Re6 29. Bf4 Rg6 30. g3 Re8 31. Be5 h5 32. Bd1 1/2-1/2

[Event "BCF-chT3Sa 1920 (4NCL)"]
[Site "England"]
[Date "2019.11.10"]
[Round "2.22"]
[White "Farrand, Tom"]
[Black "Hewitt, William"]
[Result "1/2-1/2"]
[WhiteElo "2153"]
[BlackElo "2002"]
[PlyCount "57"]
[EventDate "2019.11.09"]
[EventType "team-tourn"]
[EventRounds "11"]
[EventCountry "ENG"]
[SourceTitle "EXT 2023"]
[Source "ChessBase"]
[SourceDate "2022.10.05"]
[SourceVersion "1"]
[SourceVersionDate "2022.10.05"]
[SourceQuality "1"]
[WhiteTeam "CSC"]
[BlackTeam "Rhyfelwyr Essyllwg"]
[WhiteTeamCountry "ENG"]
[BlackTeamCountry "WLS"]

1. e4 c6 2. d4 d5 3. Nc3 dxe4 4. Nxe4 Nd7 5. Bc4 Ngf6 6. Nxf6+ Nxf6 7. Nf3 Bf5 8. 0-0 e6 9. Re1 Be7 10. c3 Bg4 11. Qd3 0-0 12. Ne5 Bf5 13. Qf3 h6 14. Bf4 Nd5 15. Bg3 Bf6 16. Bd3 Bxd3 17. Nxd3 g6 18. Be5 Bg7 19. Re2 Qe7 20. Rae1 Rac8 21. Qh3 Kh7 22. a3 a5 23. c4 Nf6 24. Qf3 Rfd8 25. h3 b5 26. c5 Kg8 27. Nf4 Ne8 28. Qc3 a4 29. Re3 1/2-1/2

[Event "Wales-chT 1920"]
[Site "Wales"]
[Date "2019.10.20"]
[Round "1.15"]
[White "Heap, Gerry"]
[Black "Hewitt, William"]
[Result "1-0"]
[WhiteElo "2108"]
[BlackElo "2004"]
[PlyCount "113"]
[EventDate "2019.10.20"]
[EventType "team-tourn"]
[EventRounds "7"]
[EventCountry "WLS"]
[SourceTitle "EXT 2022"]
[Source "ChessBase"]
[SourceDate "2021.10.06"]
[SourceVersion "1"]
[SourceVersionDate "2021.10.06"]
[SourceQuality "1"]
[WhiteTeam "Cardigan"]
[BlackTeam "White Knights"]
[WhiteTeamCountry "WLS"]
[BlackTeamCountry "WLS"]

1. c4 Nf6 2. Nc3 g6 3. g3 Bg7 4. Bg2 d6 5. Nf3 0-0 6. 0-0 e5 7. d3 Nc6 8. Rb1 a5 9. a3 Re8 10. b4 axb4 11. axb4 e4 12. dxe4 Nxe4 13. Nxe4 Rxe4 14. Ng5 Rd4 15. Qb3 h6 16. e3 hxg5 17. exd4 Nxd4 18. Qd1 Ra2 19. Bb2 c5 20. Bxd4 Bxd4 21. Qb3 Re2 22. bxc5 dxc5 23. Bf3 Re7 24. Bd5 Kg7 25. Rfe1 Bf5 26. Rxe7 Qxe7 27. Rf1 Bh3 28. Bg2 Bxg2 29. Kxg2 Qe2 30. h3 b6 31. Qxb6 Qxc4 32. Qc6 Qe2 33. Qd5 Qd2 34. Qf3 Qb2 35. Re1 c4 36. Re7 Bf6 37. Qb7 Qxb7+ 38. Rxb7 Be5 39. Kf3 c3 40. Ke2 Kf6 41. Kd3 Ke6 42. Rb1 Kf5 43. Re1 f6 44. Re2 g4 45. h4 Ke6 46. Re4 f5 47. Ra4 Kf7 48. Ra6 Kg7 49. Re6 Bf6 50. Rc6 Kf7 51. Kc4 Be5 52. Kd5 Bf6 53. Rc7+ Kg8 54. h5 gxh5 55. Ke6 Bd4 56. Kxf5 Bxf2 57. Kg6 1-0

[Event "South Wales op 16th"]
[Site "Cardiff"]
[Date "2019.07.12"]
[Round "9"]
[White "Davies, Sam"]
[Black "Hewitt, William"]
[Result "0-1"]
[WhiteElo "1705"]
[BlackElo "2005"]
[PlyCount "74"]
[EventDate "2019.07.07"]
[EventType "swiss"]
[EventRounds "9"]
[EventCountry "WLS"]
[SourceTitle "CBM 191 Extra"]
[Source "ChessBase"]
[SourceDate "2019.09.30"]
[SourceVersion "1"]
[SourceVersionDate "2019.09.30"]
[SourceQuality "1"]

1. e4 c6 2. f4 d5 3. e5 Bf5 4. Nf3 e6 5. c3 Nd7 6. Na3 c5 7. Nc2 Bxc2 8. Qxc2 Ne7 9. a3 Nc6 10. Bb5 Rc8 11. 0-0 g6 12. c4 Nb6 13. cxd5 Qxd5 14. Qd3 a6 15. Qxd5 Nxd5 16. Bxc6+ Rxc6 17. Ne1 Be7 18. Nc2 0-0 19. g3 Rd8 20. Kf2 c4 21. Ke2 b5 22. Rf3 Nb6 23. g4 Rc7 24. g5 Na4 25. Ne1 Nc5 26. Rf2 Rcd7 27. Nf3 Nd3 28. Rf1 Nxf4+ 29. Ke3 Nh3 30. a4 Nxg5 31. axb5 Nxf3 32. Kxf3 axb5 33. Ra5 Rd5 34. Ra7 R8d7 35. Ra8+ Kg7 36. Ke4 Rd3 37. Kf4 R7d4# 0-1

[Event "South Wales op 16th"]
[Site "Cardiff"]
[Date "2019.07.11"]
[Round "7"]
[White "Camp, Imogen AL"]
[Black "Hewitt, William"]
[Result "1/2-1/2"]
[WhiteElo "1850"]
[BlackElo "2005"]
[PlyCount "56"]
[EventDate "2019.07.07"]
[EventType "swiss"]
[EventRounds "9"]
[EventCountry "WLS"]
[SourceTitle "CBM 191 Extra"]
[Source "ChessBase"]
[SourceDate "2019.09.30"]
[SourceVersion "1"]
[SourceVersionDate "2019.09.30"]
[SourceQuality "1"]

1. d4 Nf6 2. Nf3 g6 3. Bf4 Bg7 4. h3 0-0 5. e3 d6 6. Bd3 b6 7. 0-0 Bb7 8. Nbd2 Nbd7 9. e4 Nh5 10. Be3 e5 11. c4 Qe7 12. Qc2 c5 13. dxe5 dxe5 14. Rfe1 h6 15. Nh2 Nf4 16. Nb1 Qg5 17. Bxf4 exf4 18. Nf3 Qe7 19. Nc3 g5 20. Nd5 Qd6 21. Rad1 Rfe8 22. Be2 Ne5 23. b3 Rad8 24. Nh2 Nc6 25. Bg4 Nd4 26. Qd3 Bc8 27. Bxc8 Rxc8 28. Ng4 Be5 1/2-1/2

[Event "South Wales op 16th"]
[Site "Cardiff"]
[Date "2019.07.11"]
[Round "8"]
[White "Hewitt, William"]
[Black "Parry, Matthew"]
[Result "1-0"]
[WhiteElo "2005"]
[BlackElo "1909"]
[PlyCount "64"]
[EventDate "2019.07.07"]
[EventType "swiss"]
[EventRounds "9"]
[EventCountry "WLS"]
[SourceTitle "CBM 191 Extra"]
[Source "ChessBase"]
[SourceDate "2019.09.30"]
[SourceVersion "1"]
[SourceVersionDate "2019.09.30"]
[SourceQuality "1"]

1. e4 d5 2. exd5 Nf6 3. d4 Bg4 4. Bb5+ Nbd7 5. f3 Bf5 6. Nc3 a6 7. Ba4 b5 8. Bb3 Nb6 9. Nge2 b4 10. Ng3 bxc3 11. Nxf5 cxb2 12. Bxb2 Nfxd5 13. c4 e6 14. Qe2 Bb4+ 15. Kf2 0-0 16. Ng3 Nf6 17. a3 Be7 18. Rad1 c6 19. Rhe1 Rb8 20. Kg1 Qc7 21. Ne4 Nbd7 22. Rd3 c5 23. Qc2 cxd4 24. Bxd4 Nxe4 25. Rxe4 Nc5 26. Bxc5 Bxc5+ 27. Kh1 Bxa3 28. Rh4 g6 29. Rhd4 Qe5 30. Qd1 a5 31. Rd7 Bb2 32. g3 Qc5 1-0

[Event "South Wales op 16th"]
[Site "Cardiff"]
[Date "2019.07.10"]
[Round "6"]
[White "Hewitt, William"]
[Black "Harris, Calum"]
[Result "1/2-1/2"]
[WhiteElo "2005"]
[BlackElo "1764"]
[PlyCount "32"]
[EventDate "2019.07.07"]
[EventType "swiss"]
[EventRounds "9"]
[EventCountry "WLS"]
[SourceTitle "CBM 191 Extra"]
[Source "ChessBase"]
[SourceDate "2019.09.30"]
[SourceVersion "1"]
[SourceVersionDate "2019.09.30"]
[SourceQuality "1"]

1. e4 d6 2. d4 Nf6 3. Nc3 g6 4. f4 Bg7 5. Nf3 0-0 6. Be3 b6 7. Qd2 c5 8. 0-0-0 Bb7 9. e5 cxd4 10. Bxd4 dxe5 11. Nxe5 e6 12. Rg1 Nc6 13. Nxc6 Bxc6 14. g3 Qe7 15. Bg2 Rac8 16. Be5 Rfd8 1/2-1/2

[Event "South Wales op 16th"]
[Site "Cardiff"]
[Date "2019.07.09"]
[Round "4"]
[White "Hewitt, William"]
[Black "Nechio, Douglas Egidio Gome"]
[Result "1-0"]
[WhiteElo "2005"]
[BlackElo "1819"]
[PlyCount "57"]
[EventDate "2019.07.07"]
[EventType "swiss"]
[EventRounds "9"]
[EventCountry "WLS"]
[SourceTitle "CBM 191 Extra"]
[Source "ChessBase"]
[SourceDate "2019.09.30"]
[SourceVersion "1"]
[SourceVersionDate "2019.09.30"]
[SourceQuality "1"]

1. e4 c5 2. Nf3 g6 3. d4 cxd4 4. Nxd4 Bg7 5. c4 Nc6 6. Be3 Nf6 7. Nc3 d6 8. Be2 0-0 9. Qd2 Nxd4 10. Bxd4 Bd7 11. 0-0 Bc6 12. f3 Nd7 13. Be3 a5 14. b3 Nc5 15. Rab1 e6 16. a3 Be5 17. g3 f5 18. b4 axb4 19. axb4 Qf6 20. Nd1 Ra1 21. Rxa1 Nb3 22. Qa2 Nxa1 23. b5 Bd7 24. exf5 gxf5 25. f4 Bc3 26. Kf2 Qh6 27. Nxc3 Qxh2+ 28. Ke1 Qxg3+ 29. Kd2 1-0

[Event "South Wales op 16th"]
[Site "Cardiff"]
[Date "2019.07.07"]
[Round "2"]
[White "Hewitt, William"]
[Black "Kett, Timothy"]
[Result "1/2-1/2"]
[WhiteElo "2005"]
[BlackElo "2252"]
[PlyCount "69"]
[EventDate "2019.07.07"]
[EventType "swiss"]
[EventRounds "9"]
[EventCountry "WLS"]
[SourceTitle "CBM 191 Extra"]
[Source "ChessBase"]
[SourceDate "2019.09.30"]
[SourceVersion "1"]
[SourceVersionDate "2019.09.30"]
[SourceQuality "1"]

1. e4 e5 2. Nf3 Nc6 3. d4 exd4 4. Nxd4 Nf6 5. Nc3 Bb4 6. Nxc6 bxc6 7. Bd3 0-0 8. 0-0 d5 9. exd5 cxd5 10. Bg5 c6 11. Qf3 Bd6 12. h3 Rb8 13. b3 Re8 14. Na4 Be6 15. Rfe1 h6 16. Bf4 Rb4 17. Bg3 Nh7 18. c3 Rb7 19. Bxd6 Qxd6 20. Rac1 Rbe7 21. Re2 Ng5 22. Qg3 Qxg3 23. fxg3 Bc8 24. Rxe7 Rxe7 25. Nc5 Ne6 26. Re1 Kf8 27. Na4 Nc7 28. Rxe7 Kxe7 29. b4 Ba6 30. Bxa6 Nxa6 31. Kf2 Kd6 32. Ke3 c5 33. a3 d4+ 34. Ke4 dxc3 35. Nxc3 1/2-1/2

[Event "BCF-chT3Sb 1819 (4NCL)"]
[Site "England"]
[Date "2019.01.13"]
[Round "4.62"]
[White "Hewitt, William"]
[Black "Scott, David A"]
[Result "1/2-1/2"]
[WhiteElo "2016"]
[BlackElo "2143"]
[PlyCount "48"]
[EventDate "2018.11.17"]
[EventType "team-tourn"]
[EventRounds "7"]
[EventCountry "ENG"]
[SourceTitle "EXT 2021"]
[Source "ChessBase"]
[SourceDate "2020.10.23"]
[SourceVersion "1"]
[SourceVersionDate "2020.10.23"]
[SourceQuality "1"]
[WhiteTeam "Rhyfelwyr Essyllwg"]
[BlackTeam "Surbiton"]
[WhiteTeamCountry "ENG"]
[BlackTeamCountry "ENG"]

1. e4 e6 2. d4 d5 3. Nc3 Nf6 4. e5 Nfd7 5. f4 c5 6. Nf3 Nc6 7. Be3 Be7 8. Qd2 a6 9. dxc5 Nxc5 10. 0-0-0 Qa5 11. Kb1 b5 12. Bd3 Nxd3 13. cxd3 Bd7 14. h4 b4 15. Ne2 h5 16. Ned4 g6 17. Rc1 Nxd4 18. Nxd4 Kf8 19. Nf3 Kg7 20. Bd4 Rac8 21. Rxc8 Rxc8 22. Rg1 Rh8 23. Rf1 Rc8 24. Rg1 Rh8 1/2-1/2

[Event "WLS-chT 1819"]
[Site "Wales"]
[Date "2018.12.02"]
[Round "2.1"]
[White "Hewitt, William"]
[Black "Williams, Howard"]
[Result "0-1"]
[WhiteElo "2020"]
[BlackElo "2259"]
[PlyCount "54"]
[EventDate "2018.11.04"]
[EventType "team-tourn"]
[EventRounds "5"]
[EventCountry "WLS"]
[SourceTitle "EXT 2020"]
[Source "ChessBase"]
[SourceDate "2019.10.17"]
[SourceVersion "1"]
[SourceVersionDate "2019.10.17"]
[SourceQuality "1"]
[WhiteTeam "White Knights"]
[BlackTeam "Cardigan"]
[WhiteTeamCountry "WLS"]
[BlackTeamCountry "WLS"]

1. d4 Nf6 2. c4 e6 3. Nc3 Bb4 4. e3 0-0 5. Nge2 d5 6. a3 Be7 7. cxd5 exd5 8. Nf4 c6 9. Bd3 Bd6 10. 0-0 Re8 11. Bc2 Qc7 12. h3 Nbd7 13. f3 Nf8 14. Qd3 Bxf4 15. exf4 Nh5 16. f5 Ng3 17. Rd1 Bxf5 18. Qd2 Ne6 19. Bxf5 Nxf5 20. Ne2 Re7 21. Qd3 Ng3 22. Nc3 Rae8 23. b4 Nf4 24. Bxf4 Qxf4 25. Rac1 Nf5 26. b5 Nxd4 27. bxc6 bxc6 0-1

[Event "EU-Cup 34th"]
[Site "Porto Carras"]
[Date "2018.10.15"]
[Round "4.2"]
[White "McHugh, Kevin"]
[Black "Hewitt, William"]
[Result "1/2-1/2"]
[WhiteElo "2084"]
[BlackElo "2015"]
[PlyCount "67"]
[EventDate "2018.10.12"]
[EventType "team-swiss"]
[EventRounds "7"]
[EventCountry "GRE"]
[SourceTitle "CBM 187"]
[Source "ChessBase"]
[SourceDate "2018.12.11"]
[SourceVersion "1"]
[SourceVersionDate "2018.12.11"]
[SourceQuality "1"]
[WhiteTeam "St Benildus"]
[BlackTeam "White Knights"]
[WhiteTeamCountry "IRL"]
[BlackTeamCountry "WLS"]

1. e4 c6 2. d4 d5 3. Nc3 dxe4 4. Nxe4 Nd7 5. Nf3 Ngf6 6. Ng3 e6 7. Bd3 Be7 8. 0-0 0-0 9. Qe2 b6 10. Bd2 Bb7 11. Rad1 Re8 12. c3 Qc7 13. Ne4 c5 14. dxc5 Nxc5 15. Nxc5 Qxc5 16. Be3 Qc7 17. Bd4 Rad8 18. Rfe1 Bd5 19. Bb5 Bc6 20. Bxc6 Qxc6 21. Ne5 Qc7 22. Qb5 Rc8 23. a4 Bc5 24. Bxc5 bxc5 25. Nd7 Nd5 26. Rxd5 exd5 27. Nf6+ gxf6 28. Rxe8+ Rxe8 29. Qxe8+ Kg7 30. Qe3 Qd7 31. b3 Qf5 32. Qg3+ Kf8 33. Qb8+ Kg7 34. Qg3+ 1/2-1/2

[Event "EU-Cup 34th"]
[Site "Porto Carras"]
[Date "2018.10.13"]
[Round "2.1"]
[White "Hewitt, William"]
[Black "Sammalvuo, Tapani"]
[Result "1/2-1/2"]
[WhiteElo "2015"]
[BlackElo "2414"]
[PlyCount "85"]
[EventDate "2018.10.12"]
[EventType "team-swiss"]
[EventRounds "7"]
[EventCountry "GRE"]
[SourceTitle "CBM 187"]
[Source "ChessBase"]
[SourceDate "2018.12.11"]
[SourceVersion "1"]
[SourceVersionDate "2018.12.11"]
[SourceQuality "1"]
[WhiteTeam "White Knights"]
[BlackTeam "Comeon"]
[WhiteTeamCountry "WLS"]
[BlackTeamCountry "FIN"]

1. e4 e5 2. Nf3 Nc6 3. d4 exd4 4. Nxd4 Nf6 5. Nc3 Bb4 6. Nxc6 bxc6 7. Bd3 d5 8. exd5 0-0 9. 0-0 cxd5 10. Bg5 c6 11. Qf3 h6 12. Bf4 Re8 13. h3 a5 14. Na4 Ne4 15. c3 Bf8 16. Rfe1 f5 17. c4 g5 18. cxd5 gxf4 19. dxc6 Qd4 20. Nc3 Ba6 21. Bxe4 fxe4 22. Nxe4 Qe5 23. Qb3+ Kh8 24. Rac1 Rab8 25. Qc3 Bb4 26. Qxe5+ Rxe5 27. Nc3 Bxc3 28. bxc3 Be2 29. Rc2 f3 30. c7 Rg8 31. c8Q Rxc8 32. gxf3 Rg5+ 33. Kh2 Rcg8 34. Rcxe2 Rc5 35. Re5 Rxc3 36. Rxa5 Rxf3 37. Re2 Rg7 38. a4 Ra3 39. Ra6 Kh7 40. Ree6 Rf7 41. Rxh6+ Kg7 42. Rhg6+ Kh7 43. Rh6+ 1/2-1/2

[Event "BCF-chT3S 1718 (4NCL) Promotion pool"]
[Site "England"]
[Date "2018.05.07"]
[Round "11.33"]
[White "Habershon, Paul F"]
[Black "Hewitt, William"]
[Result "1/2-1/2"]
[WhiteElo "1999"]
[BlackElo "2003"]
[PlyCount "54"]
[EventDate "2017.11.11"]
[EventType "team-tourn"]
[EventRounds "11"]
[EventCountry "ENG"]
[SourceTitle "EXT 2020"]
[Source "ChessBase"]
[SourceDate "2019.10.17"]
[SourceVersion "1"]
[SourceVersionDate "2019.10.17"]
[SourceQuality "1"]
[WhiteTeam "MK Phoenix"]
[BlackTeam "Rhyfelwyr Essyllwg"]
[WhiteTeamCountry "ENG"]
[BlackTeamCountry "WLS"]

1. Nf3 Nf6 2. c4 g6 3. Nc3 c5 4. g3 Bg7 5. Bg2 0-0 6. 0-0 Nc6 7. d3 Rb8 8. Bf4 d6 9. Qd2 Bd7 10. Bh6 a6 11. Bxg7 Kxg7 12. Nh4 b5 13. b3 b4 14. Nd5 e6 15. Ne3 Ng8 16. f4 f5 17. Nf3 Nf6 18. Nc2 e5 19. Ng5 Qe7 20. e4 h6 21. exf5 hxg5 22. fxg5 Ng8 23. f6+ Nxf6 24. gxf6+ Rxf6 25. Rxf6 Qxf6 26. Rf1 Qe7 27. Be4 Rf8 1/2-1/2